Bangladeshe Farsi shahhittya in 19th century : (Record no. 77975)

MARC details
000 -LEADER
fixed length control field 00630nam a22001937a 4500
005 - DATE AND TIME OF LATEST TRANSACTION
control field 20130725124952.0
010 ## - LCCN (DPL NO)
LC control number ENG-108127
020 ## - INTERNATIONAL STANDARD BOOK NUMBER
Terms of availability 400.00
035 ## - SYSTEM CONTROL NUMBER
System control number EN-91660
037 ## - SOURCE OF ACQUISITION
Source of stock number/acquisition DBAD/PUB
100 ## - MAIN ENTRY--PERSONAL NAME
Personal name Mohammed Abdullah
245 ## - TITLE STATEMENT
Title Bangladeshe Farsi shahhittya in 19th century :
Remainder of title (the persian literature in Bangladesh) /
Statement of responsibility, etc by Mohammed Abdullah; translated by Mohammed Alimuddin
260 ## - PUBLICATION, DISTRIBUTION, ETC. (IMPRINT)
Place of publication, distribution, etc Kolkata
Name of publisher, distributor, etc Sarfaraz Printing House
Date of publication, distribution, etc 2010
270 ## - ADDRESS
Address S.N. Banerjee Road
City Kolkata
300 ## - PHYSICAL DESCRIPTION
Extent iii,234p.
Dimensions 28cm(Hb)
500 ## - GENERAL NOTE
General note Includes bibliographical references
700 ## - ADDED ENTRY--PERSONAL NAME
Personal name Mohammed Alimuddin
942 ## - ADDED ENTRY ELEMENTS (KOHA)
Source of classification or shelving scheme Dewey Decimal Classification
Item type English Books
Call number suffix ABD
Holdings
Withdrawn status Lost status Not for loan Collection code Home library Current library Date acquired Source of acquisition Cost, normal purchase price Full call number Barcode Copy number Cost, replacement price Koha item type
    Not For Loan Non-fiction D.B.Act.Division D.B.Act.Division 23/07/2013 DBAD/PUB 400.00 MOH EN-91660 1 400.00 English Books

© Delhi Public Library
Hit Counter
free hit counter